00400nam a2200109Ia 4500008004100000100002200041245008700063260004600150300001200196650001300208856006900221160712s9999 xx 000 0 und d aTurgo, Nelson N.  cNelson N. TurgoaKumbatihan ng Lunan: Talabtaban ng Pag-iral sa Calvario ng Mauban c2014bDaluyan: Journal ng Wikang Filipino avol. 20 xFILIPINO uhttp://journals.upd.edu.ph/index.php/djwf/issue/view/454/showToc